La distribución del ingreso en México : encuesta sobre los ingresos y gastos de las familias 1968.

Guardado en:
Bibliografiske detaljer
Institution som forfatter: Banco de México
Format: Bog
Sprog:spansk
Serier:(Sección de obras de economía)
Fag:
Tags: Tilføj Tag
Ingen Tags, Vær først til at tagge denne postø!

MARC

LEADER 00000cam^a2200000uu^4500
001 000486449
005 20250521000000.0
008 031809s1968^^^^^^^^^^^^rd^r^^000^0^spa^d
009 20260526150617.612
035 |a FCE 000029604 
035 |a FCE 030591 
037 |a Acervo ITESO - Biblioteca 
041 |a spa 
082 0 4 |a 339.272  |b BANd 
110 |a Banco de México 
245 1 3 |a La distribución del ingreso en México :  |b encuesta sobre los ingresos y gastos de las familias 1968. 
264 |a México :  |b FCE,  |c 1968. 
300 |a 173 p. 
336 |a texto  |b txt  |2 rdacontenido 
337 |a sin mediación  |b n  |2 rdamedio 
338 |a volumen  |b nc  |2 rdasoporte 
440 0 |a (Sección de obras de economía) 
649 |a XX 
650 |a Distribución del ingreso 
650 |a Consumo 
650 |a Ingreso 
650 |a Economía familiar 
650 |a Encuestas 
910 |a Fondo Centro de Estudios Educativos 
920 |a Impresos - Libros 
930 |a Fondos Especiales 
905 |a 133 
901 |a ALE030591  |b IT2  |c CEE  |u 20250521 
902 |a https://opac.biblio.iteso.mx/vufind/Record/000486449